| 000 | 00824nam a22002057a 4500 | ||
|---|---|---|---|
| 003 | OSt | ||
| 005 | 20260316072726.0 | ||
| 008 | 260316b |||||||| |||| 00| 0 eng d | ||
| 020 | _a978-0-14-241125-4 | ||
| 040 |
_aDWCL GS lib _cOC |
||
| 100 | _aRITCHIE, MADONNA | ||
| 245 |
_a The english roses: a perfect pair: book 8 _cRITCHIE, MADONNA |
||
| 260 |
_a New York _bPuffin Books _c2009 |
||
| 300 |
_avii, 124 pages. _c18cm. |
||
| 520 | _aNicole pairs with a star student for the Science Fair, but rumors about their relationship put their friendship and the upcoming Valentine’s Day dance at risk. | ||
| 546 | _aEnglish | ||
| 650 | _2juvenile fiction novel | ||
| 650 | _2the dangers of gossip, the importance of loyalty in friendship, and trusting one’s own judgment over rumors. | ||
| 942 |
_2ddc _cFIC. _hFic. _n0 |
||
| 999 |
_c9152 _d9152 |
||